000 00323nam a2200133Ia 4500
008 150201s1994 xx 000 0 und d
082 _a616
_bI94M
100 _aMAEBIS , R.M.
245 _aINTRODUCTION TO CLINICAL MEDICINE
260 _bLITLLE BROWN
_aBOSTON
_c1994
300 _a305
650 _aNURSING
942 _2ddc
_cBK
999 _c1902
_d1902